000 00908nas a2200253 4500
001 BR8500556
003 BR-BrBNA
005 20231205090108.0
007 ta
008 230509b bl.|||p| |||| 00| 00por d
040 _aBR-BrBNA
_bpor
_cBiblioteca Nacional de Agricultura
041 _a(Pt)
072 _aQ10
100 1 _aCruz, R.
100 1 _aEl Dash, A.A.M.
245 1 _aAmido de chuchu (Sechium edule, Swartz), 3: efeito da modificacao acida em sua viscosidade
_bParte de tese
246 1 _aChayote (Sechium edule, Swartz)starch, 3: effect of acid modification on its viscosity
_b[Part of thesis]
650 _aCHUCHU
650 _aAMIDO
650 _aVISCOSIDADE
773 0 _tBoletim da Sociedade Brasileira de Ciencia e Tecnologia de Alimentos (Brazil)
_xISSN 0101-3637
_g(Jul-Sep 1984), v. 18(3) p. 271-280
_wBR8500556
909 _a202311
_bLúcia
_c55
_dLúcia Elande
942 _2AGRIS
_n0
_cANA
999 _c116117
_d116117